|
|
|
|
| LEADER |
00000nam0a2200000 4500 |
| 001 |
275206 |
| 005 |
20231031230603.0 |
| 020 |
|
|
|a RU
|b 85-90974
|
| 035 |
|
|
|a (RuTPU)RU\TPU\book\298439
|
| 090 |
|
|
|a 275206
|
| 100 |
|
|
|a 20141112d1985 k y0rusy5003 ca
|
| 101 |
0 |
|
|a rus
|
| 102 |
|
|
|a UZ
|
| 105 |
|
|
|a a z 000zy
|
| 200 |
1 |
|
|a Теория и машинное проектирование преобразовательных устройств
|e сборник научных трудов
|f Ташкентский политехнический институт им. А. Б. Беруни (ТашПИ) ; под ред. Б. У. Умарова
|
| 210 |
|
|
|a Ташкент
|c Изд-во ТашПИ
|d 1985
|
| 215 |
|
|
|a 91 с.
|c ил.
|
| 606 |
1 |
|
|a Преобразовательные установки
|2 stltpush
|3 (RuTPU)RU\TPU\subj\51395
|
| 610 |
1 |
|
|a преобразователи
|
| 610 |
1 |
|
|a проектирование
|
| 610 |
1 |
|
|a математические методы
|
| 610 |
1 |
|
|a теория
|
| 610 |
1 |
|
|a вычислительная техника
|
| 610 |
1 |
|
|a вентильные устройства
|
| 610 |
1 |
|
|a оптоэлектронные устройства
|
| 675 |
|
|
|a 621.314.5
|z rus
|v 4
|
| 702 |
|
1 |
|a Умаров
|b Б. У.
|4 340
|
| 712 |
0 |
2 |
|a Ташкентский политехнический институт им. А. Б. Беруни (ТашПИ)
|2 stltpush
|3 (RuTPU)RU\TPU\col\6741
|
| 801 |
|
0 |
|a RU
|b RuMRKP
|c 19950704
|g psbo
|
| 801 |
|
1 |
|a RU
|b 63413507
|c 20141112
|
| 801 |
|
2 |
|a RU
|b 63413507
|c 20170329
|g RCR
|
| 942 |
|
|
|c BK
|